000 025490000a22003610004500
003 EG-GICUC
005 20250223025533.0
008 061121s2005 ua a f m 000 0 eng d
040 _aEG-GICUC
_beng
_cEG-GICUC
041 0 _aEng
049 _aDeposite
097 _aM.Sc
099 _aCai01.11.14.M.Sc.2005.We.S.
100 0 _aWessam Samir Mohammed Wahdan
245 1 0 _aShort scar facial rejuvenation :
_bState of the Art /
_cWessam Samir Mohammed Wahdan ; supervised Ahmed Sherif Kariem , Maamoun Ismail Maamoun , Ashraf ElSebaie Mohammed
246 1 5 _aاعادة النضارة الى الوجه من خلال جرح صغير : الاتجاهات الحديثة
260 _aCairo :
_bWessam Samir Mohammed Wahdan ,
_c2005
300 _a116P :
_bill ;
_c25cm
502 _aThesis (M.Sc.) - Cairo University - Faculty Of Medicine - Department Of General Surgery
520 _aShort - scar cervicofacial rhytidectomy has been used with great success and a high level of patient satisfactionThe operation involves limited incisions in the sideburn and preauricular areas , extending just around the fold of the ear lobuleThe operation is safe , speedy , less traumatic , and well tolerated among patients at high risk , such as smokersThe risks of complications are also reduced with this operationAnother technique is a MACS lift which can be done through an inverted L - shaped preauricular incision with extension below the sideburn ; a limited skin undermining is performedTwo strong , permanent purse - string sutures are woven into the superficial musculoaponeurotic system tissues in a vertical U and an oblique O shape , initiating from a strong anchorage in the deep temporal fascia at the level of the helical crusTying these sutures produces a very powerful vertical correction of descended facial features that acts mainly on the jowls and the upper neckThe procedure can be extended by contenting the dissection over the malar fat pad , placing a third vertical purse - string suture with strong action on the nasolabial groove , and vertically repositioning the midfacial volumes
530 _aIssued also as CD
653 4 _aMandibular
653 4 _aMidfacial
653 4 _aMusculoaponeurotic
653 4 _aRhytidectomy
700 0 _aAhmed Sherif Kariem ,
_esupervisor
700 0 _aAshraf ElSebaie Mohammed ,
_esupervisor
700 0 _aMaamoun Ismail Maamoun ,
_esupervisor
856 _uhttp://172.23.153.220/th.pdf
905 _aEnas
_eCataloger
905 _aMustafa
_eRevisor
942 _2ddc
_cTH
999 _c15147
_d15147